000 01067nam a22003137a 4500
003 CHAP
005 20220329141626.0
008 971013s1949 r 00010 d
010 _a71229
011 _a72201
035 _a81755
040 _cCHAP
090 _aTesis
100 0 0 _aCamarena, Emilio Crescencio.
_917733
245 _aRepercusiones de la fiebre aftosa en algunos aspectos de nuestra economía agrícola y ganadera
260 _a(Chapingo, Méx.) :
_bEl autor,
_c1949
300 _a60 h.
_b: ilus.
502 _aTesis (Ing. Agr. Esp. en Economía Agrícola) -- ENA. Departamento de Economía Agrícola
590 _aALEPH
_b10
_c20130110
_lUCH01
_h1411
590 _aBATCH-UPD
_b10
_c20130110
_lUCH01
_h0629
590 _aBATCH-UPD
_b10
_c20130410
_lUCH01
_h0312
590 _aCONVERSION
_b10
_c20130109
_lUCH01
_h1339
650 1 4 _aAgricultura
_xAspectos economicos
_zMexico.
_91312
650 1 4 _aFiebre aftosa.
_940737
901 _aBK
942 _cFOLL
949 _bBC
_cTES
_d-35351
_eTS1
_i81755
_si
949 _bBC
_cTES
_d-35352
_eTS2
_fc.2
_i81755
_si
999 _c71229
_d71229